Europe Map Click Quiz in Arabic - Statistics

General Stats
  • This quiz has been taken 154 times
  • The average score is 30 of 45
Answers on the Map
Answers color-coded by a green-red scale on the quiz's map according to % correct below.
 
Answer Stats
Answer % Correct
Rusia
89%
Finlanda
87%
Faransa
86%
Ayirlanda
83%
Iitalia
83%
Alburtughal
82%
Aldanimark
80%
Almanya
79%
Ayislanda
79%
Uwkrania
76%
Iisbania
75%
Biljika
74%
Suisra
74%
Luksimburgh
72%
Alnurwij
71%
Rumania
71%
Bulgharia
70%
Latfia
70%
Litwania
70%
Slufakia
70%
Albanya
68%
Bulanda
68%
Bylarwsya
68%
Hulanda
67%
Malta
67%
Hingharia
66%
Iistunia
66%
Muldufa
66%
Andura
64%
Kuruatia
64%
Sirbia
63%
Alsuwayd
62%
Liakhtanishtayn
62%
San marynw
62%
Kusufu
61%
Munaku
61%
Slufinia
61%
Maqdunia alshamalia
55%
Madinat alfatikan
53%
Almamlakat almutahida
51%
Alyunan
51%
Aljumhuriat altishikia
46%
Albusnat walharsik
42%
Alnamsa
42%
Aljabal al'aswad
34%
No matching quizzes found
Score Distribution
Percent of People with Each Score
Percentile by Number Answered
Your Score History
You have not taken this quiz